000 00836nam a2200229 i 4500
001 83313
003 ES-MaACL
005 20230906174817.0
007 t|
008 131114s1994 sp ||||1| spa d
020 _a84-605-0961-3
100 0 _aRodríguez Arnáez, José Manuel A.
_998353
245 1 0 _aHaro
_b: catálogo artístico y bibliográfico /
_cJosé Manuel A. Rodríguez Arnáez.
250 _a[1ª ed.].
260 _aHaro (La Rioja) :
_bAsociación Cultural Manuel Bartolomé Cossio, Centro de Estudios Jarreros,
_c1994.
300 _a388 p. :
_bil. ;
_c30 cm.
504 _aBibliografía.
594 _aEn la port.: Fuente del Moro. Publicaciones del Centro de Estudios Jarreros Manuel Bartolomé Cossío.
650 4 _aMonumentos-
_zHaro.
_9153828
651 4 _aHaro-
_xArte.
_9137211
852 _aES-MaACL
_jC-43271
999 _c83313
_d83313